000 01859cam a22005174i 4500
003 PE-LiUPU
005 20250731184547.0
008 150616s r 000 0 d
020 _a0837933013
035 _a(Sirsi) i9780837933016
040 _aPE-LiUPU
_bspa
_cPE-LiUPU
_erda
049 _aPRUA
082 0 4 _a928
_bM26
_221
100 1 _aMarquis who's who,
_eautor.
245 1 0 _aWho was who in american history arts and letters.
264 1 _aChicago :
_bMarquis who's who, Inc.,
_c1975.
300 _a604 páginas ;
_c26 centímetros
336 _atext
_2rdacontent
337 _aunmediated
_2rdamedia
338 _avolume
_2rdacarrier
504 _aIncluye bibliografía.
505 0 _aPreface -- Abbreviations -- Alphabetical practices.
526 _aP136
526 _aP135
526 _aP134
526 _aP133
526 _aP144
526 _aP143
526 _aP87
526 _aP35
526 _aP20
526 _aP14
526 _aP10
526 _aP06
650 0 4 _aLITERATOS - BIOGRAFIAS.
910 _ajck
_bjvq
_cjck
942 _2ddc
_cBOOK
949 _a928 M26
_wDEWEY
_c1
_i30132
_lCCODEBUL1
_mBUL
_r0
_sY
_tBOOK
_u2015-4-23
_xEDUCACION
_PP20
_0COMPRA
_o.STAFF. Colección General
949 _a928 M26
_wDEWEY
_c2
_i30133
_lCCODEBUL1
_mBUL
_r0
_sY
_tBOOK
_u2015-4-23
_xEDUCACION
_zUNKNOWN
_0COMPRA
_o.STAFF. Colección General
994 _aC0
_bPEPRU
596 _a1
999 _a928 M26
_wDEWEY
_c39532
_i30132
_f2021-11-8
_g5
_lCCODEBUL1
_mBUL
_r0
_sY
_tBOOK
_u2015-4-23
_xBIBLIOTECA
_PP20
_0COMPRA
_o.STAFF. Colección General
_d39532
999 _a928 M26
_wDEWEY
_c2
_i30133
_e2017-3-15
_f2021-11-8
_g5
_lCCODEBUL1
_mBUL
_n1
_r0
_sY
_tBOOK
_u2015-4-23
_xBIBLIOTECA
_zUNKNOWN
_0COMPRA
_o.STAFF. Colección General
980 _81
_gALBERTO SANCHEZ Responsable de Automatización